000
00300nam a2200121Ia 4500
005
20251222154315.0
008
251222s9999||||xx |||||||||||||| ||spa||
020
_a
978-84-376-1531-8
082
_a
551.6/C93
100
_a
"Cuadrat, José M.Pita, M. Fernanda"
245
0
_a
Climatologéa
942
_c
LIB
999
_c
33565
_d
33565